Alexis /

Saved in:
Bibliographic Details
Main Author: Yourcenar, Marguerite
Format: Book
Language:English
French
Published: Henley-on-Thame, [Oxfordshire] : Aidan Ellis, 1984.
Subjects:
LEADER 01263cam a2200301 a 4500
001 c000275504
003 CARM
005 20071101083011.0
008 840618s1984 enk 000 1 eng d
015 |a b8422654 
019 1 |a 3504950  |z 40947757  |z 46552400  |5 LACONCORD2021 
020 |a 0856281387 :  |c £8.95 : CIP rev 
035 |a (OCoLC)12064593  |5 LACONCORD2021 
040 |a BNB  |b eng  |c BNB  |d BNB  |d VCAV 
041 1 |a eng  |a fre 
050 0 0 |a PQ2685.O88 
082 0 4 |a 843.912  |2 22 
100 1 |a Yourcenar, Marguerite. 
240 1 0 |a Alexis ou le traité du vain combat.  |l English 
245 1 0 |a Alexis /  |c Marguerite Yourcenar ; translated from the French by Walter Kaiser in collaboration with the author. 
260 |a Henley-on-Thame, [Oxfordshire] :  |b Aidan Ellis,  |c 1984. 
300 |a xv, 105 p. ;  |c 21 cm. 
500 |a Fiction in French,. 1900-1945 - English texts (BNB/PRECIS) 
500 |a Translation of the original French "Alexis ou le traité du vain combat". 
653 |a Fiction in French  |a 1900-1945  |a Translations 
852 8 |b CARM  |h A1:AM14A0  |i A04934  |p 0395370  |f BK 
999 f f |i d3c0a0c7-6c11-5d24-9de0-fae5870c877b  |s 0a88408a-e8ee-5497-8df0-e5f602b4efb1 
952 f f |p Can circulate  |a CAVAL  |b CAVAL  |c CAVAL  |d CARM 1 Store  |e A04934  |f A1:AM14A0  |h Other scheme  |i book  |m 0395370